Smart and sustainable built environments (Record no. 103754)

MARC details
000 -LEADER
fixed length control field 00944cam a2200241 4500
001 - CONTROL NUMBER
control field L1273551
008 - FIXED-LENGTH DATA ELEMENTS--GENERAL INFORMATION
fixed length control field 040913n2005 000 0 eng u
020 ## - INTERNATIONAL STANDARD BOOK NUMBER
International Standard Book Number 1405124229
035 ## - SYSTEM CONTROL NUMBER
System control number (Sirsi) u127355
041 ## - LANGUAGE CODE
Language code of text/sound track or separate title eng
050 ## - LIBRARY OF CONGRESS CALL NUMBER
Classification number 720.47
-- 22
100 ## - MAIN ENTRY--PERSONAL NAME
Personal name Yang, Jay
245 ## - TITLE STATEMENT
Title Smart and sustainable built environments
260 ## - PUBLICATION, DISTRIBUTION, ETC.
Place of publication, distribution, etc. Oxford
Name of publisher, distributor, etc. Blackwells
Date of publication, distribution, etc. 2005
300 ## - PHYSICAL DESCRIPTION
Extent xviii, 346p.
Other physical details ill.
Dimensions 25cm.
350 ## - PRICE (NR) (BK AM CF MU VM SE) [OBSOLETE]
Price 69.50
520 ## - SUMMARY, ETC.
Summary, etc. Examines the current state of the art and future potential for encouraging, developing and implementing smart and sustainable built environment strategies. Provides a snapshot of existing methods and technologies as well as potential opportunities for developing smart and sustainable built environments.
590 ## - LOCAL NOTE (RLIN)
Local note IKA160805
690 ## - LOCAL SUBJECT ADDED ENTRY--TOPICAL TERM (OCLC, RLIN)
Topical term or geographic name as entry element ENVIRONMENTAL AND LAND CONSULTANCY-SUSTAINABILITY-SUSTAINABLE DEVELOPMENT
700 ## - ADDED ENTRY--PERSONAL NAME
Personal name Brandon, Peter S.
700 ## - ADDED ENTRY--PERSONAL NAME
Personal name Sidwell, A.C.
942 ## - ADDED ENTRY ELEMENTS (KOHA)
Suppress in OPAC 0
Holdings
Withdrawn status Lost status Source of classification or shelving scheme Damaged status Not for loan Home library Current library Shelving location Date acquired Cost, normal purchase price Total Checkouts Full call number Barcode Date last seen Date last checked out Copy number Cost, replacement price Price effective from Koha item type
    Dewey Decimal Classification     London London Books 02/08/2005 50.57 8 720.47 YAN 30071308 06/08/2019 09/10/2008 1 50.57 06/08/2019 Book